000 00791cab a2200265 4500
001 ABS50220
008 090401t1994 xxu||||| |||| 00| 0 eng d
035 _a(Sirsi) u74666
041 _aeng
100 _aCarter, J.
245 _aNot that sinking feeling again
260 _c1994
350 _a0
490 _aEstates Gazette
_v(9408) 26 February 1994, 111-112(2)
520 _aAnalyses the taxation of sinking funds and argues why reform should be introduced.
650 _aINTITUTIONAL LEASES
650 _aNUGEE REPORT
650 _aREFORM
650 _aPROPERTY-RESIDENTIAL PROPERTY-RESIDENTIAL LANDLORD AND TENANT-RESIDENTIAL TENANCIES
650 _aSINKING FUNDS
690 _aLandlord and tenant
_96252
690 _aTAXATION
942 _n0
948 _c04/03/1997
999 _c47053
_d47053